000 00635nam a2200217 a 4500
999 _c4936
_d4936
001 4936
003 BD-JhCC
005 20171209192545.0
008 171205s1339 bg |||| ||a| 000 0 eng d
035 _a(BD-JhCC) 4936
040 _aBD-JhCC
_dBD-JhCC
041 _aben
082 _a920
_bALI 1369
_2
100 _aআলী, আজহার
245 _aখাজা মঈনদ্দীন চিশতী (র) /
_cআজহার আলী
260 _aঢাকা :
_bওসমানিয়া বুক ডিপো ,
_c1369
300 _a144 p .:
_c17 cm .
650 _aBiography
942 _2ddc
_cBK